Quiz sur la Suède - Statistiques

Statistiques générales
  • Ce quiz a été pris 5 726 fois
  • Le résultat moyen est 11 sur 20
Statistiques - réponses
Question Réponse % Correct
Capitale et plus grande ville Stockholm
99%
Célèbre magasin de mobilier créé par Ingvar Kamprad Ikea
86%
Devise monétaire actuelle Couronne
82%
Chimiste suédois qui a donné son nom à de fameux prix scientifiques Alfred Nobel
80%
Région historique qui regroupe la Suède, le Danemark et la Norvège Scandinavie
75%
Groupe de musique suédois qui a remporté l'Eurovision en 1974 ABBA
74%
Footballeur d'origine bosniaque, meilleur buteur de la sélection Zlatan Ibrahimović
73%
Ville suédoise située tout près de Copenhague Malmö
71%
Principales marques de voitures Volvo
60%
Deuxième ville la plus peuplée Göteborg
56%
Tennisman suédois qui a remporté Wimbledon 5 fois d'affilée Björn Borg
45%
Suède, en suédois Sverige
43%
Branche du protestantisme à laquelle l'Église de Suède appartient Luthéranisme
42%
Nom porté par Ingrid et Ingmar, figures majeures de l'histoire du cinéma Bergman
34%
Trilogie littéraire de Stieg Larsson, publiée à titre posthume Millennium
30%
Principales marques de voitures Saab
26%
Golfe situé entre la Suède et la Finlande Golfe de {Botnie}
23%
Plus grande île, sur laquelle on peut trouver la ville de Visby Gotland
22%
Dynastie royale de Suède, descendant d'un général de Napoléon Bernadotte
20%
Pont qui relie cette dernière à la capitale danoise Pont de l'Ø{resund}
20%
Aucun quiz correspondant
Distribution des résultats
% des personnes avec chaque résultat
Percentile par nombre de réponses
Votre historique - résultats
Vous n’avez pas pris ce quiz